00551nam a22001937a 4500001001000000003000500010005001700015008004100032010001000073011001000083035001000093040000900103082002300112111009000135245001500225260007900240300001100319650002700330000027554CHAP20220329134824.0971013s1968 r 10010 d a26508 a27480 a31581 cCHAP04a636.5063bC64 196800aConferencias Internacionales sobre Avicultura. Ciclo. (n1d: 1968c: México, D.F.)10aPonencias. aMéxico, D. F. :bInstituto Nacional de Investigaciones Pecuarias,c1968. a111 p.14aAviculturaxCongresos.